000 01235nam a2200301 i 4500
001 180893
003 ES-MaACL
005 20231002145027.0
008 120814s2010 sp |||| | spa d
020 _a978-84-9768-813-0
080 _a342.514(460)
080 _a327(460)"1975/..."
100 1 _aFernández-Palacios M., Miguel.
_9151292
245 1 0 _aRey, Constitución y política exterior /
_cMiguel Fernández-Palacios M. ; prólogo de Miguel Ángel Moratinos.
260 _aMadrid :
_bMinisterio de Asuntos Exteriores y de Cooperación :
_bMarcial Pons, Ediciones Jurídicas y Sociales,
_c2010.
300 _a367 p. ;
_c24 cm.
504 _aBibliografía: p. [345]-356.
650 7 _aPoder real-
_zEspaña.
_9151293
650 4 _aMonarquía-
_zEspaña-
_yS.XX.
_915146
651 _aEspaña-
_xPolítica exterior-
_y1975-1982.
_9171863
700 1 _aMoratinos Cuyaubé, Miguel Ángel.
_983158
710 1 _aEspaña.
_bMinisterio de Asuntos Exteriores y de Cooperación.
_93847
852 _aES-MaACL
_jA-12172
_9187772
_bR.147104
_cDEPO1
_dOlim: N-5177
_xDonacion: R.A.E
912 _96336
_aReal Academia Española
942 _2udc
_cMONOGRAFIA
999 _c180893
_d180893